Normal view MARC view
  • Muhammad Wajid Khan

Entry Personal Name

Number of records used in: 1

001 - CONTROL NUMBER

  • control field: 108240

003 - CONTROL NUMBER IDENTIFIER

  • control field: NUST

005 - DATE AND TIME OF LATEST TRANSACTION

  • control field: 20230131132725.0

008 - FIXED-LENGTH DATA ELEMENTS

  • fixed length control field: 230131|| aca||aabn | a|a d

040 ## - CATALOGING SOURCE

  • Original cataloging agency: NUST
  • Transcribing agency: NUST

100 ## - HEADING--PERSONAL NAME

  • Personal name: Muhammad Wajid Khan

670 ## - SOURCE DATA FOUND

  • Source citation: Work cat.: (NUST): Muhammad Wajid Khan, TH-SOF-2126-Development of UGV Communication system using Wi-Fi Network Hopping technique, 2022.
© 2023 Central Library, National University of Sciences and Technology. All Rights Reserved.